Представление документа в формате MARC21

Поле Инд. ПП Название Значение
Тип записи a
Библиографический уровень m
001 Контрольный номер 4b300386490944e298db757d3190b8c6
005 Дата корректировки 20200514115846.1
008 Кодируемые данные 180412|||||||||ru |||||||||||||||||rus||
020 a ISBN 978-5-9916-7316-7 (2016 г.)
020 a ISBN 978-5-534-01239-2 (2018 г.)
040 a Служба первич. каталог. DE
b Код языка каталог. rus
e Правила каталог. PSBO
084 a Индекс другой классификации/Индекс ББК 65.291.551
090 a Полочн. индекс 65.291.5
x Авторский знак И 66
245 10 a Заглавие Инновационная политика
b Продолж. заглавия учеб. для бакалавриата и магистратуры : учеб. для студентов высш. учеб. заведений, обучающихся по экон. направлениям и специальностям
c Ответственность под общ. ред. Л. П. Гончаренко
250 a Основные сведения об издании 2-е изд., перераб. и доп.
260 a Место издания Москва
b Издательство Юрайт
c Дата издания 2018
c Дата издания 2016
300 a Объем 499, [3] с.
440 _0 a Серия Бакалавр и магистр. Академический курс
500 a Примечание Кн. доступна в электрон. библ. сист. biblio-online.ru
504 a Библиография Библиогр.: с. 499-500
520 0_ a Аннотация В учебнике рассматриваются базовые понятия инновационной деятельности; раскрываются методы управления инновационными процессами на макро и микроуровне; определяются методы оценки эффективности инновационных проектов и способы управления интеллектуальной собственностью. В настоящем издании рассмотрены вопросы эволюции моделей инновационного процесса, основные исторические стадии развития концепций инновационной деятельности; раскрыты особенности инфраструктуры инновационной деятельности в разрезе ее основных составляющих; отражены ключевые вопросы современного инновационного законодательства России и определена специфика понятий "интеллектуальная собственность" и "нематериальные активы". Значительное внимание уделяется вопросам подготовки высококвалифицированных специалистов для инновационной экономики. В частности, проанализировано текущее состояние образовательной сферы страны, рассмотрена схема подготовки кадров и принципы взаимодействия вузов в ходе подготовки специалистов для нужд инновационной экономики
583 x Служебное примечание Экон. специальности. ВПО
x Служебное примечание Менеджмент. ВПО
z Открытое примечание Для студентов экономических специальностей
650 04 a Основная рубрика Инновации-Учебные издания для высших учебных заведений-Бакалавриат-Магистратура
651 _4 a Географическое наименование Россия
653 0_ a Ключевые слова Инновации; Инновационная деятельность; Инновационная политика; Инновационные проекты; Интеллектуальная деятельность; Национальная инновационная система; Национальная экономика; Управление рисками; Экономика инновационная
700 12 a Другие авторы Гончаренко Л. П.
e Роль лиц Редактор
901 t Тип документа m
952 b Гриф литературы для ВШ Рекомендовано Учеб.-метод. об-нием по образованию в области менеджмента
b Гриф литературы для ВШ Рекомендовано Учеб.-метод. отд. высш. образования
c Вид литературы учебник